| 000 | 01226nmc a2200433 a 4500 | ||
|---|---|---|---|
| 003 | AR-BaBNM | ||
| 005 | 20251128204758.0 | ||
| 008 | 225119s1994 ||||||||||||||000 | spa|| | ||
| 020 | _a84-7639-161-7 | ||
| 040 | _cAR-BaBNM | ||
| 100 | 1 | _aFernández Martorell, Concha | |
| 245 | 1 | 0 |
_aEstructuralismo _blenguaje, discurso, escritura |
| 250 | _a1ª ed. | ||
| 260 |
_aBarcelona _bMontesinos _c1994 |
||
| 300 | 0 |
_a125 p. _bcuadros, il. |
|
| 490 | 0 |
_aBiblioteca de divulgación temática _vv. 63 |
|
| 500 | 0 | _aContiene fe de erratas | |
| 500 | 0 | _aIndice bibliográfico en p. 123-125 | |
| 600 | 1 | 4 | _aFoucault, Michel |
| 600 | 1 | 4 | _aMarx, Karl |
| 600 | 1 | 4 | _aDerrida, Jacques |
| 600 | 1 | 4 | _aSaussure, Ferdinand De |
| 600 | 1 | 4 | _aAlthusser, Louis |
| 600 | 1 | 4 |
_aBarthes, Roland _d1915-1980 |
| 600 | 1 | 4 | _aLevi-Strauss, Claude |
| 600 | 1 | 4 | _aLacan, Jacques |
| 650 | 4 | _aDISCURSOS | |
| 650 | 4 | _aLINGUISTICA | |
| 650 | 4 | _aANALISIS ESTRUCTURAL | |
| 650 | 4 | _aANALISIS LINGUISTICO | |
| 650 | 4 | _aCRITICA LITERARIA | |
| 650 | 4 | _aANTROPOLOGIA | |
| 650 | 4 | _aESCUELAS FILOSOFICAS | |
| 650 | 4 | _aEXISTENCIALISMO | |
| 653 | 0 | _aANALISIS DEL DISCURSO | |
| 653 | 0 | _aPOSESTRUCTURALISMO | |
| 942 | _cBK | ||
| 998 | _cGLORIA | ||
| 999 |
_c8788 _d8788 |
||